La cultura ética en la empresa: lineamientos para diseñarla e implementarla
Uloženo v:
| Hlavní autor: | |
|---|---|
| Médium: | Kniha |
| Jazyk: | španělština |
| Vydáno: |
Bogotá
Paulinas
2006
|
| Vydání: | 1a. ed |
| Edice: | Etica de la Empresa y Valores Corporativos, 2
|
| Témata: | |
| Tagy: |
Přidat tag
Žádné tagy, Buďte první, kdo vytvoří štítek k tomuto záznamu!
|
MARC
| LEADER | 00000nam a2200000 a 4500 | ||
|---|---|---|---|
| 001 | UCJ2261 | ||
| 003 | CL-VaPUC | ||
| 008 | 061201e20060000CK |||||||||||||||||spa|d | ||
| 020 | |a 9586694976 | ||
| 082 | 0 | 4 | |a 174.4 |b HAM |2 21 |
| 100 | |a Hamburger Fernández, Álvaro Andrés |e author |9 503228 | ||
| 245 | 1 | 3 | |a La cultura ética en la empresa: lineamientos para diseñarla e implementarla |
| 250 | |a 1a. ed | ||
| 300 | |a 327 p | ||
| 942 | |c BK | ||
| 945 | |d 20061201 00:00:00 |a jtorresc | ||
| 260 | |a Bogotá |b Paulinas |c 2006 | ||
| 650 | 0 | |a Ética empresarial |9 428363 | |
| 650 | 0 | |a Aspectos morales y éticos |9 255877 | |
| 650 | 7 | |a DESARROLLO MORAL |2 CL-VaPUC |9 310605 | |
| 650 | 0 | |a Empresas |9 255569 | |
| 650 | 0 | |a Administración de empresas |9 260833 | |
| 583 | |a last modification |c 20061201 00:00:00 |k Rodrigo Vera | ||
| 490 | 0 | |a Etica de la Empresa y Valores Corporativos, 2 | |
| 999 | |c 318611 |d 318609 | ||
| 952 | |0 0 |1 0 |4 0 |6 174_400000000000000_HAM_2006 |7 0 |8 A |9 396545 |a BIBTEO |b BIBTEO |d 2019-11-22 |i 4302648 |o 174.4 HAM 2006 |p 4302648 |r 2025-01-17 |w 2019-11-22 |y BK |k ICR | ||
| 952 | |0 0 |1 0 |4 0 |6 174_400000000000000_HAM_2006 |7 0 |8 A |9 396546 |a BIBTEO |b BIBTEO |d 2019-11-22 |i 4295404 |o 174.4 HAM 2006 |p 4295404 |r 2025-01-17 |w 2019-11-22 |y BK |k ICR | ||